Deutsche Sprache, schwere Sprache - Statistiken

Allgemein
  • Dieses Quiz wurde 6.631 mal gespielt
    4.698 seit der letzten Aktualisierung
  • Das Durchschnittsergebnis liegt bei 8 aus 13
Antwortstatistiken
Frage Antwort % Korrekt
Wie lautet das Verb "sprechen" in der 2. Person Plural? (inkl. Pronomen) Ihr sprecht
86%
Nenne die beiden Steigerungsformen für Adjektive. Superlativ
80%
Nenne den grammatischen Oberbegriff für Nominativ, Genitiv, Dativ und Akkusativ. Fälle (Kasus)
78%
Wie lautet der fachsprachliche Name der Befehlsform? Imperativ
77%
Nenne einen unbestimmten Artikel (im Nominativ). ein / eine
76%
Maskulinum, Femininum, Neutrum sind aus grammatischer Sicht alles? Geschlechter (Genera)
74%
Was für eine Art Pronomen sind "mich", "dich", "uns", "sich"? Personalpronomen / Reflexivpronomen
62%
Wie nennt man die Grundform eines Verbs (bspw. sein, haben, können)? Infinitiv
57%
Nenne die beiden Steigerungsformen für Adjektive. Komparativ
42%
Wie lautet der Satz "Ich verkaufe", wenn man das Verb stattdessen ins Präteritum und ins Passiv bringt? Ich wurde verkauft
40%
Im Satz "Ich hätte heute fast gewonnen" ist "gewinnen" im Konjunktiv, im Satz "Ich habe heute gewonnen" hingegen steht es in welchem Modus...? Indikativ
34%
Wie lautet das Partizip Präsens von "laufen"? laufend
29%
Was ist der üblicherweise gebräuchliche Oberbegriff für Singular und Plural? Zahlform (Numerus)
28%
Keine übereinstimmenden Quizze gefunden
Verteilung der Resultate
Anzahl Personen mit jedem Resultat
Perzentil nach korrekt beantworteten Fragen
Ihre Resultats-Entwicklung
Sie haben dieses Quiz seit der letzten Aktualisierung nicht gespielt